| 000 | 01368cam a2200409 i 4500 | ||
|---|---|---|---|
| 001 | 18087116 | ||
| 003 | OSt | ||
| 005 | 20231204141901.0 | ||
| 007 | ta | ||
| 008 | 131127t20142014ii b 000 0 eng d | ||
| 010 | _a 2013413274 | ||
| 020 | _a9788178243696 (set) | ||
| 020 | _a8178243695 (set) | ||
| 025 | _aI-E-2013-413274; 61-91; 62-91; 68-91 | ||
| 035 | _a(OCoLC)864400291 | ||
| 035 | _a(OCoLC)ocn864400291 | ||
| 037 | _aLibrary of Congress -- New Delhi Overseas Office | ||
| 040 |
_aDKAGE _beng _erda _cDKAGE _dOCLCQ _dDLC |
||
| 042 |
_alccopycat _alcode |
||
| 043 | _aa-ii--- | ||
| 050 | 0 | 0 |
_aDS422.C3 _bC38444 2014 |
| 082 | 0 | 4 |
_a305.51220954 _bSAR/C |
| 245 | 0 | 0 |
_aCaste in modern India : _ba reader / _cedited by Sumit Sarkar and Tanika Sarkar. |
| 264 | 1 |
_aRanikhet : _bPermanent Black, _c[2014] |
|
| 264 | 2 |
_aBangalore : _bDistributed by Orient Blackswan |
|
| 264 | 4 | _c©2014 | |
| 300 |
_a2 volumes ; _c23 cm |
||
| 338 |
_avolume _bnc _2rdacarrier |
||
| 504 | _aIncludes bibliographical references. | ||
| 520 | _aContributed articles. | ||
| 650 | 0 |
_aCaste _zIndia. |
|
| 700 | 1 |
_aSarkar, Sumit, _d1939- _eeditor. |
|
| 700 | 1 |
_aSarkar, Tanika, _d1949- _eeditor. |
|
| 906 |
_a7 _bcbc _ccopycat _d3 _encip _f20 _gy-gencatlg |
||
| 942 |
_2ddc _cBK _h305.51220954 _iSAR/C _k305.51220954 _mSAR/C |
||
| 999 |
_c43858 _d43858 |
||